Turismo e eventos
Saved in:
| Hovedforfatter: | |
|---|---|
| Format: | Bog |
| Sprog: | portugisisk |
| Udgivet: |
Curitiba
Protexto de Zamoner
2004
|
| Udgivelse: | 1a. ed |
| Fag: | |
| Tags: |
Tilføj Tag
Ingen Tags, Vær først til at tagge denne postø!
|
MARC
| LEADER | 00000cam a2200000 a 4500 | ||
|---|---|---|---|
| 001 | UCE6087 | ||
| 003 | CL-VaPUC | ||
| 008 | 150319e20040000bl |||||||||||||||||por|d | ||
| 020 | |a 8589026299 | ||
| 082 | 0 | 4 | |a 910.4 |b BAH |2 21 |
| 100 | 0 | |a Bahl, Miguel |e author |9 578766 | |
| 245 | 1 | 0 | |a Turismo e eventos |
| 250 | |a 1a. ed | ||
| 300 | |a 80 p | ||
| 942 | |c BK | ||
| 945 | |d 20150319 12:57:00 |a arojas | ||
| 260 | |a Curitiba |b Protexto de Zamoner |c 2004 | ||
| 650 | 0 | |a Turismo |9 308920 | |
| 650 | 7 | |a EVENTOS |2 CL-VaPUC |9 548270 | |
| 650 | 0 | |a Viajes |9 257115 | |
| 651 | 7 | |a PARANA |2 CL-VaPUC |9 514473 | |
| 651 | 0 | |a Brasil |9 267393 | |
| 583 | |a last modification |c 20150319 12:57:00 |k Rodrigo Vera | ||
| 999 | |c 358555 |d 358553 | ||